Films and feminism: essays in indian cinema. (Record no. 107451)

MARC details
000 -LEADER
fixed length control field 00440nam a2200157Ia 4500
008 - FIXED-LENGTH DATA ELEMENTS--GENERAL INFORMATION
fixed length control field 210210b2002 xxu||||| |||| 00| 0 eng d
020 ## - INTERNATIONAL STANDARD BOOK NUMBER
International Standard Book Number 81 7033 713 5
082 ## - DEWEY DECIMAL CLASSIFICATION NUMBER
Classification number 791.43 JAIF
100 ## - MAIN ENTRY--PERSONAL NAME
Personal name JAIN (Jasbir) and RAI (Sudha). eds.
245 ## - TITLE STATEMENT
Title Films and feminism: essays in indian cinema.
260 ## - PUBLICATION, DISTRIBUTION, ETC.
Place of publication, distribution, etc. Jaipur
Name of publisher, distributor, etc. Rawat Publications
Date of publication, distribution, etc. 2002
300 ## - PHYSICAL DESCRIPTION
Extent 280
650 ## - SUBJECT ADDED ENTRY--TOPICAL TERM
Topical term or geographic name entry element Films Indian Cinema Feminism
690 ## - LOCAL SUBJECT ADDED ENTRY--TOPICAL TERM (OCLC, RLIN)
Topical term or geographic name as entry element Cinema
906 ## - LOCAL DATA ELEMENT F, LDF (RLIN)
a 060539
Holdings
Withdrawn status Lost status Damaged status Not for loan Collection code Home library Current library Shelving location Date acquired Source of acquisition Cost, normal purchase price Total Checkouts Full call number Barcode Date last seen Price effective from Koha item type
          St Aloysius Library St Aloysius Library   02/17/2021 West Coast Paper & Stationers Mangalore-1 525.00   791.43 JAIF 060539 02/17/2021 02/17/2021 Book